000 00637nam a22002417a 4500
001 000411
003 DO-SdBNP
005 20180117092914.0
007 000411
008 160721b 1981 sp ||||| |||| 00| 0 spa d
020 _a8424301242
040 _aBPMSU
_bspa
_cBPMSU
092 _axxxxx
_bxxxxx
100 1 _aBill, Buffalo
245 0 0 _aBúffalo Bill.
260 _aBilbao :
_bLaida,
_c1981.
300 _a128 p. :
_bil. ;
_c20 cm.
490 1 _aClásica juvenil
_v5
830 0 _aClásica juvenil ;
_v5
942 _2ddc
_cBK
945 _ainventariado extranjero / 2018 dg
956 _2LOPEREZ
_310
_620160721
_8BPMSU
_a00041
999 _c10994
_d10994